MERCER`S T/B OF ORTHOPAEDICS AND TRAUMA (Record no. 800118)

MARC details
000 -LEADER
fixed length control field 00394pam a2200157 a 4500
020 ## - INTERNATIONAL STANDARD BOOK NUMBER
International Standard Book Number 9780340942031
Terms of availability
041 ## - LANGUAGE CODE
Language code of original
082 ## - DEWEY DECIMAL CLASSIFICATION NUMBER
Classification number 617.3
Item number SIV
100 ## - MAIN ENTRY--PERSONAL NAME
Personal name SIVANATHAN S., SHERRY E., WARNKE P.
245 ## - TITLE STATEMENT
Title MERCER`S T/B OF ORTHOPAEDICS AND TRAUMA
Medium Textual Documents
250 ## - EDITION STATEMENT
Edition statement 10.
260 ## - PUBLICATION, DISTRIBUTION, ETC.
Name of publisher, distributor, etc. HODDER ARNOLD
Date of publication, distribution, etc. 2012
300 ## - PHYSICAL DESCRIPTION
Extent 1598:
Other physical details XVIII;
Dimensions PB.
650 ## - SUBJECT ADDED ENTRY--TOPICAL TERM
Topical term or geographic name entry element ORTHO
930 ## - EQUIVALENCE OR CROSS-REFERENCE-UNIFORM TITLE HEADING [LOCAL, CANADA]
Uniform title 5591
Holdings
Withdrawn status Lost status Damaged status Not for loan Collection Home library Current library Date acquired Source of acquisition Cost, normal purchase price Total Checkouts Full call number Barcode Date last seen Copy number Price effective from Koha item type
          Medical College & Hospital, Sangli Medical College & Hospital, Sangli 15/10/2012 B.M.S.G.B.PUNE 3692.00   617.3 SIV MCS-10661 26/07/2023 1 26/07/2023 Book